E-learning v technických odborných predmetoch : Dizertačná práca

Salvato in:
Dettagli Bibliografici
Autore principale: Kvasnica, Ondrej, 1983- (Autore)
Altri autori: Hrmo, Roman, 1964- (Relatore della tesi)
Natura: Manoscritto Libro
Lingua:slovacco
Pubblicazione: Trnava : STU v Bratislave MTF UIPH, 2011
Soggetti:
Accesso online:VAIS
Tags: Aggiungi Tag
Nessun Tag, puoi essere il primo ad aggiungerne!!

MARC

LEADER 00000ntm a22000003a 4500
001 stu232141
005 20150617230146.2
008 110723s2011----xo------------------slo-d
040 |a STU  |b slo 
041 0 |a slo 
044 |a xo 
100 1 |a Kvasnica, Ondrej,  |d 1983-  |4 aut  |u M7000  |9 100  |T MTF Ústav inžinierskej pedagogiky a humatitných vied  |X 11129  |U M7000  |Y M7000  |7 A000011129 
242 0 0 |a E-learning in Professional Technical Subjects  |y eng 
245 1 |a E-learning v technických odborných predmetoch :  |b Dizertačná práca 
260 |a Trnava :  |b STU v Bratislave MTF UIPH,  |c 2011 
300 |a 89 s., autoreferát, CD-ROM 
500 |a Študijný odbor: 1.1.10 Odborová didaktika 
500 |a Študijný program: Didaktika technických profesijných predmetov 
650 7 |a e-learning  |2 estusub 
650 7 |a computer literacy  |2 estusub 
650 7 |a počítačová gramotnosť  |2 stusub 
650 7 |a pedagogický výskum  |2 stusub 
700 1 |a Hrmo, Roman,  |d 1964-  |4 ths  |u M220  |U MTF Ústav inžinierskej pedagogiky a humatitných vied  |T MTF Katedra inžinierskej pedagogiky a psychológie  |X 230  |U M220  |Y M220  |7 A000000230 
856 4 |a info a plný text  |u http://is.stuba.sk/zp/portal_zp.pl?podrobnosti=63826  |3 VAIS 
996 |b 284M080332  |c M*DzP-226  |l MMSKP  |s P  |a 0  |w stu232141_0001